Los Ferrocarriles internacionales y la red peninsular : ponencia presentada á la deliberación del Congreso Nacional de Ingeniería ponencia presentada á la deliberación del Congreso Nacional de Ingeniería
Descripción Física:
5, [60] p., 4 annexos amb 4 f. pleg. ; 28 cm
Materias:
Ferrocarrils -- Congressos
MARC
| LEADER | 00000nam a2200000Ia 4500 | ||
|---|---|---|---|
| 001 | 18026 | ||
| 008 | 160829s1919 xx 000 0 cat d | ||
| 080 | |a C-2-470 | ||
| 100 | |a Comisión Burgalesa de Iniciativas Ferroviarias |9 46662 | ||
| 245 | |a Los Ferrocarriles internacionales y la red peninsular : |b ponencia presentada á la deliberación del Congreso Nacional de Ingeniería | ||
| 260 | |a Burgos : |b Hijos de Santiago Rodríguez, |c 1919 | ||
| 300 | |a 5, [60] p., 4 annexos amb 4 f. pleg. ; |c 28 cm | ||
| 590 | |a Prové de 3197 | ||
| 650 | |a Ferrocarrils |x Congressos |9 46663 | ||
| 901 | |a Arxiu | ||
| 942 | |n 1 | ||
| 952 | |0 0 |1 0 |4 0 |6 C2470 |7 1 |9 53359 |a Arxiu |b Arxiu |d 2016-12-01 |l 0 |o C-2-470 |p 18026 |r 2016-12-01 00:00:00 |w 2016-12-01 |y ARXIU | ||
| 999 | |c 57224 |d 57224 | ||